000 01567nam a2200421 c 4500
001 51647
003 ES-MaCES
005 20210629112340.0
008 201217s2020 sp 000 | spa d
017 _aM 11920-2020
_bDL
020 _a9788490209653
040 _aES-MaCES
_bspa
_cES-MaCES
245 0 0 _aRegistro de la jornada y adaptación del tiempo trabajo por motivos conciliación
_b: preguntas y respuestas
_cdirs., Francisco Pérez de los Cobos Orihuel, Erik Monreal Bringsvaerd ; [autores], Raquel Aguilera Izquierdo ... [et al.]
250 _a1ª ed
260 _aLas Rozas (Madrid)
_bWolters Kluwer
_c2020
300 _a305 p.
_c24 cm
490 1 _aTemas, La Ley
541 _cCompra
650 4 _ahoras de trabajo
_928335
650 4 _aordenamiento del tiempo de trabajo
_929205
650 4 _aconciliación
_927303
650 4 _afamilia
_927318
650 4 _aresponsabilidades familiares
_930598
650 4 _amecanismo de control
_929918
650 4 _aresponsabilidad del empleador
_930146
650 4 _asupervisión de los empleados
_930656
650 4 _aderechos de los trabajadores
_929924
650 4 _aderecho del trabajo
_927165
650 4 _aEspaña
_926964
650 4 _arégimen jurídico
_929894
653 1 0 _aDerecho del trabajo y Seguridad Social
700 1 _920747
_aPérez de los Cobos Orihuel, Francisco
_eed. lit.
700 1 _918853
_aMonreal Bringsvaerd, Erik
_eed. lit.
700 1 _95691
_aAguilera Izquierdo, Raquel
830 0 _aTemas / La Ley
_934262
902 _aLIB Libro
942 _2CES
_cBK
_h6.0.1.
999 _c51647
_d51647